000 00752nam a2200265Ia 4500
003 OSt
005 20220918203306.0
006 a|||||r|||| 00| 0
007 ta
008 220917b |||||||| |||| 00| 0 eng d
024 _a107,317
037 _cTextual
040 _aARTS
_cARTS
_beng
041 _2eng
_aeng
082 _aV41:58(X).N9, N4
100 _aKristof Nicholas D
_9107799
245 0 _aChina wakes
_b Struggle for the soul of a rising power
260 _aLondon
_bNicholas Brealey
_c1994
300 _a501p.
_ccm.
500 _aIncludes Index
650 _aHISTORY
700 _a Wudunn Sheryl
_9107800
942 _hV41:58(X).N9, N4
_cTEXL
_2CC
999 _c230675
_d230675